00329nam a2200121Ia 4500008004100000041000800041082001500049100001400064245003700078260003200115300001900147520004100166240719s9999 xx 000 0 und d aeng a657.02 GUP aGupta, ND aIndian Accounting Standards IFRS aNew DelhibLexisnexisc2005 a826;. P. 24 Cm aGifted By : IMT Faculty Dr.Pawan sir